| 000 | 00541cam a2200193ua 4500 | ||
|---|---|---|---|
| 001 | 9832 | ||
| 005 | 20260515114529.0 | ||
| 008 | 161013n ii |||gr||||Z||||||eng | ||
| 020 | _a9788120328495 | ||
| 040 | _cMAIN | ||
| 041 | _aeng | ||
| 082 | _a820 | ||
| 100 |
_aChaudhury, Bibhash, _eAuthor. |
||
| 245 |
_aEnglish social and cultural history : _ban introductory guide and glossary / _cBy Bibhash Chaudhury . |
||
| 260 |
_aDelhi: _bPHI learning, _c2016. |
||
| 300 | _a385p. | ||
| 653 | _aEnglish & Old English literatures | ||
| 942 | _cBK | ||
| 999 |
_c8834 _d8834 |
||